[Event "CHN-chT DivA"]
[Site "Fuling"]
[Date "2023.06.06"]
[Round "2.2"]
[White "Ding, Yixin"]
[Black "Lu, Miaoyi"]
[Result "1-0"]
[WhiteElo "2422"]
[BlackElo "2176"]
[PlyCount "73"]
[EventDate "2023.06.05"]
[EventType "team-tourn"]
[EventRounds "11"]
[EventCountry "CHN"]
[SourceTitle "CBM 214 Extra"]
[Source "ChessBase"]
[SourceDate "2023.07.31"]
[SourceVersion "1"]
[SourceVersionDate "2023.07.31"]
[SourceQuality "1"]
[WhiteTeam "Zhejiang Shaoxing"]
[BlackTeam "Hangzhou"]
[WhiteTeamCountry "CHN"]
[BlackTeamCountry "CHN"]

1. e4 c5 2. c3 Nf6 3. e5 Nd5 4. Nf3 d6 5. Bc4 Nb6 6. Bb3 Nc6 7. exd6 Qxd6 8. 0-0 Be6 9. Bxe6 Qxe6 10. a4 Rd8 11. a5 Nd5 12. a6 b5 13. d4 cxd4 14. cxd4 b4 15. Re1 Qd7 16. Nbd2 Nb6 17. Nb3 e6 18. Bg5 Be7 19. Nc5 Qd5 20. Bxe7 Kxe7 21. Rc1 Nxd4 22. Ne5 Rc8 23. Qh5 Rxc5 24. Rxc5 Qxc5 25. Qxf7+ Kd6 26. Qxa7 Ne2+ 27. Kf1 Ra8 28. Nf7+ Kc6 29. Qb7+ Kb5 30. Rxe2 Ka4 31. a7 Rc8 32. Re1 Qc4+ 33. Kg1 Qc1 34. Rf1 Ka5 35. h3 Qc7 36. Ra1+ Kb5 37. Qa6+ 1-0

[Event "Ningbo Yinzhou Cup (Women)"]
[Site "Ningbo"]
[Date "2019.12.23"]
[Round "5.1"]
[White "Zhu, Jiner"]
[Black "Ding, Yixin"]
[Result "0-1"]
[WhiteElo "2461"]
[BlackElo "2439"]
[PlyCount "68"]
[EventDate "2019.12.22"]
[EventType "tourn (rapid)"]
[EventRounds "6"]
[EventCountry "CHN"]
[EventCategory "7"]
[SourceTitle "CBM 193 Extra"]
[Source "ChessBase"]
[SourceDate "2020.01.31"]
[SourceVersion "1"]
[SourceVersionDate "2020.01.31"]
[SourceQuality "1"]

1. e4 d6 2. d4 Nf6 3. Nc3 g6 4. f4 Bg7 5. Nf3 0-0 6. Bd3 Na6 7. 0-0 c5 8. d5 Bg4 9. Kh1 e6 10. dxe6 fxe6 11. h3 Bxf3 12. Qxf3 Nb4 13. Be3 Qe7 14. Rad1 Rad8 15. a3 Nxd3 16. Rxd3 e5 17. Rfd1 exf4 18. Bxf4 Nh5 19. Rxd6 Rde8 20. Nd5 Qxe4 21. Qxe4 Rxe4 22. Bh2 Re2 23. Rd7 Rxc2 24. Rxb7 Rxb2 25. Rxa7 Re8 26. a4 Rbe2 27. g4 Nf6 28. Nxf6+ Bxf6 29. Bg1 c4 30. Rdd7 c3 31. g5 Be5 32. Ra6 Rc8 33. Rd1 c2 34. Rc1 Bf4 0-1

[Event "CHN-ch blitz (Women)"]
[Site "Shenyang"]
[Date "2019.12.18"]
[Round "3"]
[White "Bai, Xue"]
[Black "Ding, Yixin"]
[Result "0-1"]
[WhiteElo "1643"]
[BlackElo "2328"]
[PlyCount "74"]
[EventDate "2019.12.18"]
[EventType "swiss (blitz)"]
[EventRounds "9"]
[EventCountry "CHN"]
[SourceTitle "CBM 193 Extra"]
[Source "ChessBase"]
[SourceDate "2020.01.31"]
[SourceVersion "1"]
[SourceVersionDate "2020.01.31"]
[SourceQuality "1"]

1. e4 b6 2. Nf3 Bb7 3. d4 Bxe4 4. Bd3 Bxd3 5. Qxd3 e6 6. Bf4 Nf6 7. c4 d6 8. Nc3 Be7 9. 0-0 0-0 10. Rfe1 Nbd7 11. Bg3 Re8 12. Re2 Nh5 13. Rae1 Nxg3 14. hxg3 Bf6 15. Ne4 g6 16. b3 Bg7 17. Neg5 Qf6 18. Ne4 Qf5 19. Nh4 Qh5 20. Nc3 a6 21. a4 Qa5 22. Na2 Nf6 23. Nf3 Rab8 24. Qc2 Qf5 25. Qd2 b5 26. axb5 axb5 27. Nb4 bxc4 28. bxc4 Qa5 29. Nd3 Qxd2 30. Rxd2 Rb3 31. Nf4 Rc3 32. c5 dxc5 33. d5 exd5 34. Rxe8+ Nxe8 35. Nxd5 Rc1+ 36. Kh2 Kf8 37. Nxc7 Nxc7 0-1

[Event "CHN-ch rapid (Women)"]
[Site "Tianjin"]
[Date "2019.12.18"]
[Round "9"]
[White "Ding, Yixin"]
[Black "Xiao, Yiyi"]
[Result "1/2-1/2"]
[WhiteElo "2374"]
[BlackElo "2216"]
[PlyCount "48"]
[EventDate "2019.12.17"]
[EventType "swiss (rapid)"]
[EventRounds "9"]
[EventCountry "CHN"]
[SourceTitle "CBM 193 Extra"]
[Source "ChessBase"]
[SourceDate "2020.01.31"]
[SourceVersion "1"]
[SourceVersionDate "2020.01.31"]
[SourceQuality "1"]

1. e4 e5 2. Nf3 Nc6 3. Nc3 Nf6 4. Be2 d5 5. exd5 Nxd5 6. 0-0 Nxc3 7. bxc3 Bd6 8. d4 0-0 9. h3 Bf5 10. Re1 Re8 11. Rb1 e4 12. Nh2 Rb8 13. Bg4 Qd7 14. Nf1 b6 15. Ne3 Bxg4 16. Qxg4 Qxg4 17. hxg4 Ne7 18. Bd2 Bf4 19. Nc4 Bxd2 20. Nxd2 Nd5 21. Nxe4 Rxe4 22. Rxe4 Nxc3 23. Rbe1 Nxe4 24. Rxe4 Kf8 1/2-1/2

[Event "CHN-ch rapid (Women)"]
[Site "Tianjin"]
[Date "2019.12.17"]
[Round "3"]
[White "Hu, Yu A"]
[Black "Ding, Yixin"]
[Result "0-1"]
[WhiteElo "2135"]
[BlackElo "2374"]
[PlyCount "46"]
[EventDate "2019.12.17"]
[EventType "swiss (rapid)"]
[EventRounds "9"]
[EventCountry "CHN"]
[SourceTitle "CBM 193 Extra"]
[Source "ChessBase"]
[SourceDate "2020.01.31"]
[SourceVersion "1"]
[SourceVersionDate "2020.01.31"]
[SourceQuality "1"]

1. e4 b6 2. d4 Bb7 3. Bd3 e6 4. Nf3 d6 5. 0-0 Nd7 6. b3 Ne7 7. Bb2 Ng6 8. Re1 Be7 9. c4 0-0 10. Nbd2 c5 11. d5 Bf6 12. Qc2 Bxb2 13. Qxb2 Nde5 14. Nxe5 Nxe5 15. Be2 f5 16. exf5 Qf6 17. Qc2 exd5 18. f4 Nd7 19. Bf3 Qd4+ 20. Kh1 Nf6 21. cxd5 Rae8 22. Ne4 Nxd5 23. Rad1 Ne3 0-1

[Event "RUS-CHN Summit (Women) 12th"]
[Site "Moscow"]
[Date "2019.11.27"]
[Round "2.2"]
[White "Ding, Yixin"]
[Black "Shuvalova, Polina"]
[Result "1-0"]
[WhiteElo "2438"]
[BlackElo "2434"]
[PlyCount "79"]
[EventDate "2019.11.26"]
[EventType "schev"]
[EventRounds "5"]
[EventCountry "RUS"]
[SourceTitle "CBM 193 Extra"]
[Source "ChessBase"]
[SourceDate "2020.01.31"]
[SourceVersion "1"]
[SourceVersionDate "2020.01.31"]
[SourceQuality "1"]

1. d4 Nf6 2. Bg5 d5 3. e3 e6 4. Nd2 c5 5. c3 Be7 6. Bd3 0-0 7. f4 b6 8. Ngf3 Bb7 9. Bxf6 Bxf6 10. h4 Ba6 11. Bc2 Nd7 12. Ng5 g6 13. Qg4 h5 14. Qf3 Kg7 15. g4 Rh8 16. 0-0-0 Qe7 17. Nf1 Bxf1 18. Rdxf1 b5 19. gxh5 Rxh5 20. Qg3 Bxg5 21. fxg5 b4 22. cxb4 cxd4 23. exd4 Rc8 24. a3 Rc4 25. Re1 Kg8 26. Qd3 Qd6 27. Kb1 Qb6 28. Rd1 Qd6 29. Bb3 Rc7 30. Rdf1 Nf8 31. Bd1 Rh7 32. h5 gxh5 33. Rxh5 Ng6 34. Rxh7 Kxh7 35. Bc2 Kg7 36. Qh3 Rxc2 37. Kxc2 e5 38. dxe5 Qxe5 39. Qf5 Qc7+ 40. Kb1 1-0

[Event "CHN-chT"]
[Site "China"]
[Date "2019.04.10"]
[Round "2.2"]
[White "Ding, Yixin"]
[Black "Zhao, Shengxin"]
[Result "1-0"]
[WhiteElo "2434"]
[BlackElo "2121"]
[PlyCount "87"]
[EventDate "2019.04.09"]
[EventType "team-tourn"]
[EventRounds "22"]
[EventCountry "CHN"]
[SourceTitle "CBM 189 Extra"]
[Source "ChessBase"]
[SourceDate "2019.06.03"]
[SourceVersion "1"]
[SourceVersionDate "2019.06.03"]
[SourceQuality "1"]
[WhiteTeam "Zhejiang"]
[BlackTeam "Hangzhou Hongda"]
[WhiteTeamCountry "CHN"]
[BlackTeamCountry "CHN"]

1. e4 e6 2. d4 d5 3. Nc3 Nf6 4. e5 Nfd7 5. f4 c5 6. Nf3 Nc6 7. Be3 cxd4 8. Nxd4 Qb6 9. Qd2 Qxb2 10. Rb1 Qa3 11. Bb5 Nxd4 12. Bxd4 Be7 13. 0-0 0-0 14. Nxd5 Bc5 15. Ne7+ Bxe7 16. Rb3 Bb4 17. Rxb4 Rd8 18. Bc3 a6 19. Be2 Re8 20. Kh1 Nc5 21. Rd4 b6 22. Bb4 Qb2 23. Bc3 Qa3 24. Bf3 Bb7 25. h4 Rac8 26. Bxb7 Nxb7 27. Rf3 Qxa2 28. Rg3 g6 29. h5 Red8 30. hxg6 hxg6 31. f5 Rxd4 32. Qxd4 Qb1+ 33. Kh2 Rd8 34. Qe4 Nc5 35. Qh4 Rd1 36. Be1 exf5 37. Rh3 Kf8 38. Qh8+ Ke7 39. Qf6+ Kd7 40. Rh7 Kc7 41. Rxf7+ Nd7 42. e6 Rxe1 43. Rxd7+ Kc6 44. Qc3+ 1-0

[Event "WchT (Women) 12th"]
[Site "Astana"]
[Date "2019.03.09"]
[Round "5.4"]
[White "Goryachkina, Aleksandra"]
[Black "Ding, Yixin"]
[Result "1-0"]
[WhiteElo "2504"]
[BlackElo "2432"]
[PlyCount "141"]
[EventDate "2019.03.05"]
[EventType "team-tourn"]
[EventRounds "9"]
[EventCountry "KAZ"]
[SourceTitle "CBM 189"]
[Source "ChessBase"]
[SourceDate "2019.04.29"]
[SourceVersion "1"]
[SourceVersionDate "2019.04.29"]
[SourceQuality "1"]
[WhiteTeam "Russia (W)"]
[BlackTeam "China (W)"]
[WhiteTeamCountry "RUS"]
[BlackTeamCountry "CHN"]

1. d4 Nf6 2. c4 e6 3. Nf3 d5 4. Nc3 c5 5. cxd5 Nxd5 6. e4 Nxc3 7. bxc3 cxd4 8. cxd4 Bb4+ 9. Bd2 Bxd2+ 10. Qxd2 0-0 11. Rc1 b6 12. Bd3 Bb7 13. Qe3 Nd7 14. e5 h6 15. 0-0 Rc8 16. Nd2 Qg5 17. Qxg5 hxg5 18. Bb5 Nb8 19. Nc4 a6 20. Nd6 axb5 21. Nxb7 f6 22. Nd6 Rxc1 23. Rxc1 fxe5 24. Nxb5 exd4 25. Nxd4 Kf7 26. Re1 Re8 27. Nf3 Kf6 28. Nd2 Rd8 29. Ne4+ Kg6 30. Nc3 Kf7 31. f3 Rd3 32. Ne4 Kg6 33. Nf2 Rd6 34. Re5 Rc6 35. Ne4 Nd7 36. Rxg5+ Kf7 37. a4 Rc1+ 38. Kf2 Ra1 39. Rg4 Ne5 40. Nd6+ Ke7 41. Rd4 Ra2+ 42. Kg3 Rc2 43. h4 g6 44. Kh3 Rc1 45. f4 Rc3+ 46. g3 Nd7 47. Rc4 Rd3 48. Nc8+ Kd8 49. Na7 Re3 50. Nc6+ Ke8 51. Rd4 Nf6 52. Rd8+ Kf7 53. Rd3 Re4 54. Rd4 Re3 55. Ne5+ Kg7 56. Rd3 Re4 57. Rd6 Nd5 58. Rxe6 Rxa4 59. Rxg6+ Kh7 60. h5 b5 61. Kg4 Ra7 62. Rd6 Ne3+ 63. Kf3 Nf5 64. Rd3 b4 65. Ke4 Ng7 66. g4 Ne6 67. Rd6 Nc5+ 68. Kd4 Rc7 69. g5 Na4 70. g6+ Kg7 71. Ng4 1-0

[Event "CHN-chT"]
[Site "China"]
[Date "2018.10.29"]
[Round "18.4"]
[White "Ding, Yixin"]
[Black "Zhang, Xiaowen"]
[Result "1/2-1/2"]
[WhiteElo "2419"]
[BlackElo "2327"]
[PlyCount "61"]
[EventDate "2018.04.11"]
[EventType "team-tourn"]
[EventRounds "22"]
[EventCountry "CHN"]
[SourceTitle "CBM 187 Extra"]
[Source "ChessBase"]
[SourceDate "2018.11.04"]
[SourceVersion "1"]
[SourceVersionDate "2018.11.04"]
[SourceQuality "1"]

1. e4 e5 2. Nf3 Nf6 3. Nxe5 d6 4. Nf3 Nxe4 5. Nc3 Nxc3 6. dxc3 Be7 7. Bf4 Nc6 8. Qd2 Be6 9. 0-0-0 Qd7 10. Be2 h6 11. Kb1 a6 12. Rhe1 0-0-0 13. Nd4 Nxd4 14. cxd4 Rhe8 15. d5 Bg4 16. Bxg4 Qxg4 17. f3 Qd7 18. Re2 Bf6 19. Rde1 Qa4 20. Rxe8 Rxe8 21. Rxe8+ Qxe8 22. c4 h5 23. Qe3 Qxe3 24. Bxe3 Kd7 25. Kc2 g6 26. b3 Ke7 27. Kd3 Be5 28. h3 f5 29. Bf2 Kf7 30. Be3 Ke7 31. Bf2 1/2-1/2

[Event "CHN-chT"]
[Site "China"]
[Date "2018.07.12"]
[Round "10.6"]
[White "Ding, Yixin"]
[Black "Khotenashvili, Bela"]
[Result "1/2-1/2"]
[WhiteElo "2419"]
[BlackElo "2462"]
[PlyCount "87"]
[EventDate "2018.04.11"]
[EventType "team-tourn"]
[EventRounds "22"]
[EventCountry "CHN"]
[SourceTitle "EXT 2019"]
[Source "ChessBase"]
[SourceDate "2018.10.10"]
[SourceVersion "1"]
[SourceVersionDate "2018.10.10"]
[SourceQuality "1"]
[WhiteTeam "Zhejiang"]
[BlackTeam "Tianjin"]
[WhiteTeamCountry "CHN"]
[BlackTeamCountry "CHN"]

1. e4 e5 2. Nc3 Nf6 3. g3 d5 4. exd5 Nxd5 5. Bg2 Nxc3 6. bxc3 Nc6 7. Nf3 Bc5 8. 0-0 0-0 9. d3 Bg4 10. Qe1 Re8 11. Qe4 Bh5 12. Ng5 Bg6 13. Qc4 Be7 14. Ne4 Na5 15. Qa4 c6 16. c4 f5 17. Nd2 Bf7 18. Rb1 e4 19. Bb2 Nxc4 20. Nxc4 b5 21. Qa6 bxc4 22. dxe4 Qb6 23. Qxb6 axb6 24. exf5 Rec8 25. Ra1 b5 26. a3 Ra4 27. Rfe1 Bf8 28. h3 h5 29. Bf3 h4 30. g4 Bd5 31. Bxd5+ cxd5 32. Rad1 Rd8 33. Re5 Bxa3 34. Bxa3 Rxa3 35. Rexd5 Rxd5 36. Rxd5 Rxh3 37. Rxb5 Rc3 38. Rb2 Kf7 39. g5 Rf3 40. Rb7+ Kf8 41. Rb5 Rc3 42. Rb2 Rf3 43. Rb5 Rc3 44. Rb2 1/2-1/2

[Event "CHN-chT"]
[Site "China"]
[Date "2018.05.24"]
[Round "7.3"]
[White "Zhang, Xiaowen"]
[Black "Ding, Yixin"]
[Result "1/2-1/2"]
[WhiteElo "2327"]
[BlackElo "2419"]
[PlyCount "62"]
[EventDate "2018.04.11"]
[EventType "team-tourn"]
[EventRounds "22"]
[EventCountry "CHN"]
[SourceTitle "EXT 2019"]
[Source "ChessBase"]
[SourceDate "2018.10.10"]
[SourceVersion "1"]
[SourceVersionDate "2018.10.10"]
[SourceQuality "1"]
[WhiteTeam "Shenzhen Longgang"]
[BlackTeam "Zhejiang"]
[WhiteTeamCountry "CHN"]
[BlackTeamCountry "CHN"]

1. e4 c5 2. Nf3 d6 3. d4 cxd4 4. Nxd4 Nf6 5. Nc3 a6 6. Be3 e5 7. Nf3 Be7 8. Bc4 0-0 9. 0-0 Be6 10. Bb3 Nc6 11. Qe2 Na5 12. Rfd1 Nxb3 13. axb3 Qc7 14. Bg5 Nh5 15. Nxe5 Bxg5 16. Qxh5 Bf6 17. Nf3 Bxc3 18. bxc3 Qxc3 19. Nd4 Rfe8 20. Qa5 Rac8 21. Qxc3 Rxc3 22. f3 d5 23. exd5 Bxd5 24. Re1 Kf8 25. Kf2 Rec8 26. Re3 f6 27. Rae1 Rxe3 28. Rxe3 Bf7 29. c4 b6 30. Ne6+ Kg8 31. Nd4 Kf8 1/2-1/2

[Event "CHN-chT"]
[Site "China"]
[Date "2018.04.14"]
[Round "4.3"]
[White "Ding, Yixin"]
[Black "Harika, Dronavalli"]
[Result "1/2-1/2"]
[WhiteElo "2419"]
[BlackElo "2503"]
[PlyCount "107"]
[EventDate "2018.04.11"]
[EventType "team-tourn"]
[EventRounds "22"]
[EventCountry "CHN"]
[SourceTitle "CBM 183 Extra"]
[Source "ChessBase"]
[SourceDate "2018.04.19"]
[SourceVersion "1"]
[SourceVersionDate "2018.04.19"]
[SourceQuality "1"]
[WhiteTeam "Zhejiang"]
[BlackTeam "Shanghai China Mobil"]
[WhiteTeamCountry "CHN"]
[BlackTeamCountry "CHN"]

1. e4 e5 2. Nf3 Nc6 3. Nc3 Nf6 4. d4 exd4 5. Nxd4 Bc5 6. Be3 Bb6 7. Qd2 0-0 8. 0-0-0 Ng4 9. Nxc6 bxc6 10. Bg5 Qe8 11. Bh4 d6 12. h3 Ne5 13. f4 Ng6 14. Bf2 f5 15. exf5 Bxf5 16. Bc4+ Kh8 17. Rhe1 Qd8 18. g4 Bxf2 19. Qxf2 Bd7 20. f5 Nh4 21. Ne4 Ng6 22. Bb3 a5 23. a4 Ne5 24. Kb1 Qe7 25. Qe3 Rab8 26. Nc5 Qf6 27. Qc3 Bc8 28. Nd3 Nxd3 29. Qxf6 gxf6 30. Rxd3 Ba6 31. Rde3 c5 32. Bd5 Bb7 33. Bxb7 Rxb7 34. Kc1 Kg7 35. Re7+ Rf7 36. Re8 Rb4 37. b3 c4 38. R1e4 d5 39. Rd4 c5 40. Rxd5 cxb3 41. cxb3 Rxb3 42. Rxc5 Rxh3 43. Rxa5 Rc7+ 44. Kb2 Rg3 45. Raa8 Kh6 46. Re6 Rxg4 47. Rxf6+ Kg5 48. Rff8 Rb4+ 49. Ka3 Rbb7 50. Ra5 Rc3+ 51. Ka2 Rc2+ 52. Ka1 Rc1+ 53. Ka2 Rc2+ 54. Ka1 1/2-1/2

[Event "Wch Blitz (Women)"]
[Site "Riadh"]
[Date "2017.12.30"]
[Round "16"]
[White "Ding, Yixin"]
[Black "Gevorgyan, Maria"]
[Result "1-0"]
[WhiteElo "2424"]
[BlackElo "2275"]
[PlyCount "109"]
[EventDate "2017.12.29"]
[EventType "swiss (blitz)"]
[EventRounds "21"]
[EventCountry "SAU"]
[SourceTitle "CBM 182 Extra"]
[Source "ChessBase"]
[SourceDate "2018.02.23"]
[SourceVersion "1"]
[SourceVersionDate "2018.02.23"]
[SourceQuality "1"]

1. e4 e5 2. Nf3 Nf6 3. Nc3 Nc6 4. Be2 d6 5. d4 exd4 6. Nxd4 Nxd4 7. Qxd4 Be7 8. 0-0 Be6 9. Be3 0-0 10. h3 Nd7 11. Qd2 f5 12. exf5 Bxf5 13. Nd5 Kh8 14. Nxe7 Qxe7 15. Bd4 Nf6 16. Rae1 Qf7 17. Kh2 Ne4 18. Qc1 Nf6 19. Bf3 c6 20. Qg5 Bxc2 21. Re3 Bg6 22. Rfe1 Qc4 23. Bc3 Qc5 24. Qh4 d5 25. Bb4 Qb6 26. Bxf8 Rxf8 27. b3 Qc7+ 28. Kg1 Qa5 29. a4 Qd2 30. Rd1 Qb2 31. Qb4 Kg8 32. Qxb7 Ne4 33. Re2 Qf6 34. Bxe4 Bxe4 35. Qc7 Qg6 36. Qg3 Qh5 37. Rde1 Qf7 38. f3 Bg6 39. Re7 Qf6 40. Qe5 Qxe5 41. R1xe5 Rb8 42. Rxa7 Rxb3 43. Ree7 d4 44. Rxg7+ Kf8 45. Rgd7 d3 46. Rd8+ Be8 47. Raa8 Rb1+ 48. Kf2 Rb2+ 49. Ke3 Kf7 50. Rxe8 Re2+ 51. Kxd3 Rxe8 52. Rxe8 Kxe8 53. Kc4 Kd7 54. Kc5 Kc7 55. g4 1-0